Central Library OPAC University of Rajshahi

Poems of Alexander Pope / (Record no. 77366)

MARC details
000 -LEADER
fixed length control field 00925nam a2200301 a 4500
001 - CONTROL NUMBER
control field 77366
003 - CONTROL NUMBER IDENTIFIER
rucl marc code BD-RjUL
005 - DATE AND TIME OF LATEST TRANSACTION
control field 20211209082949.0
008 - FIXED-LENGTH DATA ELEMENTS--GENERAL INFORMATION
fixed length control field 200318s1950 enk 00110 eng d
035 ## - SYSTEM CONTROL NUMBER
System control number (BD-RjUL)77591
System control number 340245
040 ## - CATALOGING SOURCE
Original cataloging agency ANL
Language of cataloging eng
Modifying agency ANL
Transcribing agency BD-RjUL
041 ## - LANGUAGE CODE
Language code of text/sound track or separate title eng
082 ## - DEWEY DECIMAL CLASSIFICATION NUMBER
Edition number 23
Classification number 821.5
Author mark and year POP 1950
100 1# - MAIN ENTRY--PERSONAL NAME
Personal name Pope, Alexander,
Dates associated with a name 1688-1744.
9 (RLIN) 241041
245 10 - TITLE STATEMENT
Title Poems of Alexander Pope /
Statement of responsibility, etc. selected and edited by Douglas Grant.
260 ## - PUBLICATION, DISTRIBUTION, ETC. (IMPRINT)
Place of publication, distribution, etc. Harmondsworth :
Name of publisher, distributor, etc. Penguin Books,
Date of publication, distribution, etc. 1950.
300 ## - PHYSICAL DESCRIPTION
Pagination xix, 202 p. ;
Size 19 cm.
490 1# - SERIES STATEMENT
Series statement Penguin poets ;
Volume/sequential designation D14
500 ## - GENERAL NOTE
General note Cover title: Alexander Pope : a selection / by Douglas Grant.
General note Includes index.
600 ## - SUBJECT ADDED ENTRY--PERSONAL NAME
Personal name Pope, Alexander,
Dates associated with a name 1688-1744
650 ## - SUBJECT ADDED ENTRY--TOPICAL TERM
Topical term or geographic name as entry element English poetry
9 (RLIN) 241043
700 1# - ADDED ENTRY--PERSONAL NAME
Personal name Grant, Douglas.
830 #0 - SERIES ADDED ENTRY--UNIFORM TITLE
Uniform title Penguin poets ;
Volume number/sequential designation D14.
942 ## - ADDED ENTRY ELEMENTS (KOHA)
Source of classification or shelving scheme Dewey Decimal Classification
Koha item type Books
Holdings
Lost status Source of classification or shelving scheme Damaged status Not for loan Collection code Permanent Location Current Location Shelving location Date acquired Total Checkouts Full call number Date last seen Copy number Koha item type
  Dewey Decimal Classification   Not For Loan Non-fiction Central Library, University of Rajshahi Central Library, University of Rajshahi Reading Room 18/03/2020   821.5 POP 1950 18/03/2020 C-1 Books